<?xml version="1.0" encoding="UTF-8"?>
<record
    xmlns:xsi="http://www.w3.org/2001/XMLSchema-instance"
    xsi:schemaLocation="http://www.loc.gov/MARC21/slim http://www.loc.gov/standards/marcxml/schema/MARC21slim.xsd"
    xmlns="http://www.loc.gov/MARC21/slim">

  <leader>00995cam a22001818i 4500</leader>
  <datafield tag="020" ind1=" " ind2=" ">
    <subfield code="a">0834801132</subfield>
  </datafield>
  <datafield tag="040" ind1=" " ind2=" ">
    <subfield code="c">DLC</subfield>
  </datafield>
  <datafield tag="082" ind1=" " ind2=" ">
    <subfield code="a">709 WEA 1976 A111 Or.</subfield>
    <subfield code="a">B</subfield>
  </datafield>
  <datafield tag="100" ind1="1" ind2=" ">
    <subfield code="a">Roberts, Laurance P</subfield>
  </datafield>
  <datafield tag="245" ind1="1" ind2="2">
    <subfield code="a">A dictionary of Japanese artists :</subfield>
    <subfield code="b">painting, sculpture, ceramics, prints, lacquer /</subfield>
  </datafield>
  <datafield tag="250" ind1=" " ind2=" ">
    <subfield code="a">1st ed</subfield>
  </datafield>
  <datafield tag="260" ind1=" " ind2=" ">
    <subfield code="a">Tokyo ;</subfield>
    <subfield code="a">New York :</subfield>
    <subfield code="b">Weatherhill,</subfield>
    <subfield code="c">1976</subfield>
  </datafield>
  <datafield tag="300" ind1=" " ind2=" ">
    <subfield code="a">xi, 299 p.</subfield>
    <subfield code="c">27cm</subfield>
  </datafield>
  <datafield tag="500" ind1=" " ind2=" ">
    <subfield code="a">Includes index</subfield>
  </datafield>
  <datafield tag="520" ind1="1" ind2=" ">
    <subfield code="a">Geared toward the western reader, this rather concise biographical dictionary covers artists who died before 1972. Artists are listed alphabetically by western names, but entries do provide their corresonding characters and alternate names. The entries also include a list of museum collections that house works by the artist, in addition to short bibliographies. Finally, there is a brief glossary, an index of alternate names and a character index. [Review, Oberlin Art Library Staff, BQP 8/23/01, MJR 2/15/02]</subfield>
  </datafield>
  <datafield tag="650" ind1=" " ind2="0">
    <subfield code="a">Artists</subfield>
  </datafield>
  <datafield tag="942" ind1=" " ind2=" ">
    <subfield code="c">EK</subfield>
  </datafield>
  <datafield tag="999" ind1=" " ind2=" ">
    <subfield code="c">17166</subfield>
    <subfield code="d">17166</subfield>
  </datafield>
  <datafield tag="952" ind1=" " ind2=" ">
    <subfield code="0">0</subfield>
    <subfield code="1">0</subfield>
    <subfield code="4">0</subfield>
    <subfield code="6">709_000000000000000_WEA_1976_A111_OR</subfield>
    <subfield code="7">0</subfield>
    <subfield code="9">74084</subfield>
    <subfield code="a">LBA</subfield>
    <subfield code="b">LBA</subfield>
    <subfield code="c">A111</subfield>
    <subfield code="d">2018-08-15</subfield>
    <subfield code="o">709 WEA 1976 A111 Or.</subfield>
    <subfield code="p">A13463</subfield>
    <subfield code="r">2018-08-15</subfield>
    <subfield code="w">2018-08-15</subfield>
    <subfield code="y">EK</subfield>
  </datafield>
</record>
